PC magazine DOS 5 techniques and utilities
Saved in:
| Main Author: | |
|---|---|
| Format: | Book |
| Language: | English |
| Published: |
Emeryville, Calif. :
Ziff-Davis Press,
c1991.
|
| Subjects: | |
| Tags: |
Add Tag
No Tags, Be the first to tag this record!
|
MARC
| LEADER | 00000cam a2200000 i 4500 | ||
|---|---|---|---|
| 001 | 1/40748 | ||
| 008 | 971118s1991 cau| ||| |||| ||eng|| | ||
| 020 | |a 1562760076 | ||
| 035 | |l 10041329 | ||
| 035 | |a 1997 |c ΔΩΡΕΑ ΤΖΑΦΕΡΗ | ||
| 040 | |a GR-MyUA |b gre |e AACR2 | ||
| 041 | 0 | |a eng | |
| 082 | 7 | |a 005.43 |2 (22) | |
| 100 | 1 | |a Prosise, Jeff. | |
| 245 | 1 | 0 | |a PC magazine DOS 5 techniques and utilities / |c Jeff Prosise. |
| 260 | |a Emeryville, Calif. : |b Ziff-Davis Press, |c c1991. | ||
| 300 | |a xxv, 1012 σ. : |b εικ. ; |c 23 εκ. + |e 2 δισκέτες Η/Υ (5 1/4 ίν.). | ||
| 500 | |a Περιλαμβάνει ευρετήριο. | ||
| 630 | 0 | 0 | |a MS-DOS (Computer file) |
| 852 | |a INST |b SAMOS |e 19971118 |h 005.43 PRO |p 005300008504 |q 005300008504 |t BK |y 0 | ||
| 852 | |a INST |b SAMOS |e 19981118 |h 005.43 PRO |p 005300013829 |q 005300013829 |t BK |y 0 | ||
| 852 | |a INST |b SAMOS |e 19981118 |h 005.43 PRO |p 005300013830 |q 005300013830 |t BK |y 0 | ||
| 901 | |a BIBL-1997-2 | ||